Development of the Cerebellum from Molecular Aspects to Diseases (Запис № 444947)
[ простий вигляд ]
| 000 -LEADER | |
|---|---|
| fixed length control field | 04803nam a22005655i 4500 |
| 001 - CONTROL NUMBER | |
| control field | 978-3-319-59749-2 |
| 003 - CONTROL NUMBER IDENTIFIER | |
| control field | DE-He213 |
| 005 - DATE AND TIME OF LATEST TRANSACTION | |
| control field | 20210118121048.0 |
| 007 - PHYSICAL DESCRIPTION FIXED FIELD--GENERAL INFORMATION | |
| fixed length control field | cr nn 008mamaa |
| 008 - FIXED-LENGTH DATA ELEMENTS--GENERAL INFORMATION | |
| fixed length control field | 170727s2017 gw | s |||| 0|eng d |
| 020 ## - INTERNATIONAL STANDARD BOOK NUMBER | |
| International Standard Book Number | 9783319597492 |
| -- | 978-3-319-59749-2 |
| 024 7# - OTHER STANDARD IDENTIFIER | |
| Standard number or code | 10.1007/978-3-319-59749-2 |
| Source of number or code | doi |
| 050 #4 - LIBRARY OF CONGRESS CALL NUMBER | |
| Classification number | RC321-580 |
| 072 #7 - SUBJECT CATEGORY CODE | |
| Subject category code | PSAN |
| Source | bicssc |
| 072 #7 - SUBJECT CATEGORY CODE | |
| Subject category code | MED057000 |
| Source | bisacsh |
| 072 #7 - SUBJECT CATEGORY CODE | |
| Subject category code | PSAN |
| Source | thema |
| 082 04 - DEWEY DECIMAL CLASSIFICATION NUMBER | |
| Classification number | 612.8 |
| Edition number | 23 |
| 245 10 - TITLE STATEMENT | |
| Title | Development of the Cerebellum from Molecular Aspects to Diseases |
| Medium | [electronic resource] / |
| Statement of responsibility, etc | edited by Hassan Marzban. |
| 250 ## - EDITION STATEMENT | |
| Edition statement | 1st ed. 2017. |
| 264 #1 - | |
| -- | Cham : |
| -- | Springer International Publishing : |
| -- | Imprint: Springer, |
| -- | 2017. |
| 300 ## - PHYSICAL DESCRIPTION | |
| Extent | IX, 505 p. 97 illus., 70 illus. in color. |
| Other physical details | online resource. |
| 336 ## - | |
| -- | text |
| -- | txt |
| -- | rdacontent |
| 337 ## - | |
| -- | computer |
| -- | c |
| -- | rdamedia |
| 338 ## - | |
| -- | online resource |
| -- | cr |
| -- | rdacarrier |
| 347 ## - | |
| -- | text file |
| -- | |
| -- | rda |
| 490 1# - SERIES STATEMENT | |
| Series statement | Contemporary Clinical Neuroscience |
| 505 0# - FORMATTED CONTENTS NOTE | |
| Formatted contents note | Chapter1. The development of the cerebellum: from the beginnings -- Part I: Responsibilities and liabilities -- Chapter2. The embryology and anatomy of the cerebellum -- Chapter 3. Cellular and genetic programs underlying cerebellum development -- Chapter 4. Early Purkinje Cell Development and the Origins of Cerebellar Patterning. Chapter5. Cerebellar developmental disorders and cerebellar nuclei -- Chapter6. Motor circuit abnormalities during cerebellar development -- Chapter7. Developmental disorders of the cerebellum and neurotrophic factors -- Chapter8. Apoptosis, Autophagy, and Unfolded Protein Response and Cerebellar Development -- Chapter9. The ubiquitin proteasome system and cerebellar developmental disease -- Chapter10. Epigenetics and Cerebellar Neurodevelopmental Disorders -- Chapter11. Hormonal regulation of cerebellar development and its disorders -- Chapter12. Infections of the Cerebellum -- Chapter13. Neuroimmune mechanisms of cerebellar development and its developmental disorders -- Chapter14. Teratogenic influences on cerebellar development -- Chapter15. Primary pediatric brain tumors of the posterior fossa -- Chapter16. Primary pediatric brain tumors of the posterior fossa -- Chapter17. Can cerebellar neurodevelopmental disorders affect behavioral disorders or vice versa -- Chapter18. Neurodevelopmental disorders of the cerebellum: autism spectrum disorder -- Chapter19. Congenital cerebellar disease -- Chapter20. Clinical features, assessment, and management of patients with developmental and other cerebellar disorders -- Chapter21. Epidemiology of cerebellar disorders -- Chapter22. Cerebellar transplantation: a potential model to study repair and development of neurons and circuits in the cerebellum. |
| 520 ## - SUMMARY, ETC. | |
| Summary, etc | The authors present the most current and cutting-edge knowledge regarding the molecular basis of cerebellar development, focusing on information relevant to laboratory scientists and clinicians providing service to patients with cerebellar disorders. Knowledge obtained from advanced neuroimaging techniques that are used during development, and from molecular- and genetic-based studies has provided rapidly-growing evidence that the cerebellum is a brain region that is highly impacted by developmental defects. Cerebellar defects result in significant intellectual and motor function impairment that affects both the patients and their families. |
| 506 ## - RESTRICTIONS ON ACCESS NOTE | |
| Terms governing access | Available to subscribing member institutions only. Доступно лише організаціям членам підписки. |
| 506 ## - RESTRICTIONS ON ACCESS NOTE | |
| Standardized terminology for access restriction | Online access from local network of NaUOA. |
| 506 ## - RESTRICTIONS ON ACCESS NOTE | |
| Standardized terminology for access restriction | Online access with authorization at https://link.springer.com/ |
| 506 ## - RESTRICTIONS ON ACCESS NOTE | |
| Standardized terminology for access restriction | Онлайн-доступ з локальної мережі НаУОА. |
| 506 ## - RESTRICTIONS ON ACCESS NOTE | |
| Standardized terminology for access restriction | Онлайн доступ з авторизацією на https://link.springer.com/ |
| 650 #0 - SUBJECT ADDED ENTRY--TOPICAL TERM | |
| Topical term or geographic name as entry element | Neurosciences. |
| 650 #0 - SUBJECT ADDED ENTRY--TOPICAL TERM | |
| Topical term or geographic name as entry element | Neurology . |
| 650 14 - SUBJECT ADDED ENTRY--TOPICAL TERM | |
| Topical term or geographic name as entry element | Neurosciences. |
| -- | http://scigraph.springernature.com/things/product-market-codes/B18006 |
| 650 24 - SUBJECT ADDED ENTRY--TOPICAL TERM | |
| Topical term or geographic name as entry element | Neurology. |
| -- | http://scigraph.springernature.com/things/product-market-codes/H36001 |
| 700 1# - ADDED ENTRY--PERSONAL NAME | |
| Personal name | Marzban, Hassan. |
| Relator term | editor. |
| Relator code | edt |
| -- | http://id.loc.gov/vocabulary/relators/edt |
| 710 2# - ADDED ENTRY--CORPORATE NAME | |
| Corporate name or jurisdiction name as entry element | SpringerLink (Online service) |
| 773 0# - HOST ITEM ENTRY | |
| Title | Springer eBooks |
| 776 08 - ADDITIONAL PHYSICAL FORM ENTRY | |
| Display text | Printed edition: |
| International Standard Book Number | 9783319597485 |
| 776 08 - ADDITIONAL PHYSICAL FORM ENTRY | |
| Display text | Printed edition: |
| International Standard Book Number | 9783319597508 |
| 776 08 - ADDITIONAL PHYSICAL FORM ENTRY | |
| Display text | Printed edition: |
| International Standard Book Number | 9783319866932 |
| 830 #0 - SERIES ADDED ENTRY--UNIFORM TITLE | |
| Uniform title | Contemporary Clinical Neuroscience |
| 856 40 - ELECTRONIC LOCATION AND ACCESS | |
| Uniform Resource Identifier | <a href="https://doi.org/10.1007/978-3-319-59749-2">https://doi.org/10.1007/978-3-319-59749-2</a> |
| 912 ## - | |
| -- | ZDB-2-SBL |
| 942 ## - ADDED ENTRY ELEMENTS (KOHA) | |
| Koha item type | ЕКнига |
Немає доступних примірників.